<?xml version="1.0" encoding="UTF-8"?><?xml-stylesheet type="text/xsl" href="static/style.xsl"?><OAI-PMH xmlns="http://www.openarchives.org/OAI/2.0/" xmlns:xsi="http://www.w3.org/2001/XMLSchema-instance" xsi:schemaLocation="http://www.openarchives.org/OAI/2.0/ http://www.openarchives.org/OAI/2.0/OAI-PMH.xsd"><responseDate>2026-06-06T01:57:29Z</responseDate><request verb="GetRecord" identifier="oai:riuma.uma.es:10630/36180" metadataPrefix="marc">https://riuma.uma.es/rest/oai/request</request><GetRecord><record><header><identifier>oai:riuma.uma.es:10630/36180</identifier><datestamp>2026-02-03T10:48:41Z</datestamp><setSpec>com_10630_2254</setSpec><setSpec>col_10630_37953</setSpec></header><metadata><record xmlns="http://www.loc.gov/MARC21/slim" xmlns:dcterms="http://purl.org/dc/terms/" xmlns:doc="http://www.lyncode.com/xoai" xmlns:xsi="http://www.w3.org/2001/XMLSchema-instance" xsi:schemaLocation="http://www.loc.gov/MARC21/slim http://www.loc.gov/standards/marcxml/schema/MARC21slim.xsd">
   <leader>00925njm 22002777a 4500</leader>
   <datafield ind2=" " ind1=" " tag="042">
      <subfield code="a">dc</subfield>
   </datafield>
   <datafield ind2=" " ind1=" " tag="720">
      <subfield code="a">De-la-Torre-Fazio, Sebastián Bienvenido</subfield>
      <subfield code="e">author</subfield>
   </datafield>
   <datafield ind2=" " ind1=" " tag="720">
      <subfield code="a">Aguado-Sánchez, José Antonio</subfield>
      <subfield code="e">author</subfield>
   </datafield>
   <datafield ind2=" " ind1=" " tag="720">
      <subfield code="a">Sauma, Enzo</subfield>
      <subfield code="e">author</subfield>
   </datafield>
   <datafield ind2=" " ind1=" " tag="720">
      <subfield code="a">Lozano-Martos, Alejandro</subfield>
      <subfield code="e">author</subfield>
   </datafield>
   <datafield ind2=" " ind1=" " tag="260">
      <subfield code="c">2024-12</subfield>
   </datafield>
   <datafield ind2=" " ind1=" " tag="520">
      <subfield code="a">With increasing penetration of Electric Vehicles (EVs) and growing interest in Vehicle to Grid (V2G) technology,&#xd;
the route optimization problem for EVs and the interaction with the power grid is becoming a more relevant&#xd;
research topic. We aim to optimize the route selection and charging/discharging patterns to improve the overall&#xd;
economic profits of EVs, considering time-varying energy prices, location of charging infrastructure and traveling&#xd;
schedules for EVs. We propose an optimization-based approach for EV routing where vehicles may recharge on-&#xd;
the-route at public charging infrastructure as well as at privately-owned depots. The objective function considers&#xd;
charging/discharging strategies under both, net billing and net metering tariff schemes. We also study some&#xd;
emerging technological solutions, such as autonomous vehicles, that can introduce more flexibility to the system&#xd;
operations. The proposed approach is evaluated using an origin-destination survey and the real traffic map&#xd;
around Santiago, Chile. Our results show that, while most EVs made minimum-distance home-work trips, it is&#xd;
optimal for some EVs to make additional trips to charge at cheaper nodes or inject at more expensive nodes,&#xd;
resulting in significant profit variations. Additionally, different values of charger availability influence total&#xd;
profit, resulting in profit fluctuations of up to 2 % in our case study.</subfield>
   </datafield>
   <datafield ind1="8" ind2=" " tag="024">
      <subfield code="a">Torre, S. de la, Aguado, J., Sauma, E., &amp; Lozano-Martos, A. (2024). Optimal routing for electric vehicle macro-groups in urban areas: Application to the city of Santiago, Chile. Energy (Oxford), 313, 133996-. https://doi.org/10.1016/j.energy.2024.133996</subfield>
   </datafield>
   <datafield ind1="8" ind2=" " tag="024">
      <subfield code="a">https://hdl.handle.net/10630/36180</subfield>
   </datafield>
   <datafield ind1="8" ind2=" " tag="024">
      <subfield code="a">10.1016/j.energy.2024.133996</subfield>
   </datafield>
   <datafield tag="653" ind2=" " ind1=" ">
      <subfield code="a">Vehículos eléctricos</subfield>
   </datafield>
   <datafield tag="653" ind2=" " ind1=" ">
      <subfield code="a">Sistemas de comunicaciones inalámbricos</subfield>
   </datafield>
   <datafield ind2="0" ind1="0" tag="245">
      <subfield code="a">Optimal routing for electric vehicle macro-groups in urban areas: Application to the city of Santiago, Chile</subfield>
   </datafield>
</record>
</metadata></record></GetRecord></OAI-PMH>